Strengthening Intergenerational Solidarity in Slovakia Via Parental Pension

Aktuálne opatrenie v dôchodkovom systéme Slovenska vo forme rodičovského dôchodku výrazne ovplyvnia medzigeneračnú solidaritu. Vymedzenie charakteristiky rodičovského dôchodku, poukázanie na výhody a možné riziká rodičovského dôchodku a prezentácia výsledkov výskumu zameraného na zistenie názoru dôc...

Ausführliche Beschreibung

Gespeichert in:
Bibliographische Detailangaben
1. Verfasser: Sika, Peter, 1975-
Weitere Verfasser: Šipikalová, Silvia, 1979-, Tkáč, Miroslav, 1987-
Format: Buchkapitel
Sprache:Englisch
Schlagworte:
Tags: Tag hinzufügen
Keine Tags, Fügen Sie das erste Tag hinzu!

MARC

LEADER 00000naa a2200000 4500
001 0308267
005 20250529131904.3
041 0 |a eng 
044 |a GE 
245 1 0 |a Strengthening Intergenerational Solidarity in Slovakia Via Parental Pension  |c Peter Sika, Silvia Šipikalová, Miroslav Tkáč 
520 |a Aktuálne opatrenie v dôchodkovom systéme Slovenska vo forme rodičovského dôchodku výrazne ovplyvnia medzigeneračnú solidaritu. Vymedzenie charakteristiky rodičovského dôchodku, poukázanie na výhody a možné riziká rodičovského dôchodku a prezentácia výsledkov výskumu zameraného na zistenie názoru dôchodcov na rodičovský dôchodok. 
610 2 0 |a dôchodky 
610 2 0 |a dávky dôchodkové 
610 2 0 |a politika sociálna 
610 2 0 |a solidarita 
610 2 0 |a generácie 
610 2 0 |a Slovensko 
100 1 |a Sika, Peter, 1975- 
700 1 |a Šipikalová, Silvia, 1979- 
700 1 |a Tkáč, Miroslav, 1987-